MARC

Tag First Indicator Second Indicator Subfields
LEADER 00000cam a2200000 a 4500
001 in00005741821
005 20260326173920.1
006 m o d
007 cr un||||a|a||
008 100420s1983 nyua ob 101 0 eng d
010 |z  82011565  
040 |a OCLCE  |b eng  |e pn  |c OCLCE  |d OCLCQ  |d OPELS  |d IDEBK  |d E7B  |d OCLCQ  |d OCLCF  |d UIU  |d OCLCO  |d OCL  |d OCLCO  |d OCLCQ  |d UAB  |d OCLCQ  |d LEAUB  |d LUN  |d OCLCQ  |d OCLCO  |d COM  |d OCLCO  |d OCLCQ  |d OCL  |d OCLCO  |d OCLCL  |d OCLCO  |d COA  |d INARC  |d OCLCO  |d OCLCA  |d OCLCL  |d OCLCA  |d OCLCQ  |d OCLCA  |d OCLCL  |d OCLCQ 
019 |a 1340102317  |a 1477466876 
020 |z 9780125836807 
020 |z 0125836805 
024 8 |a (WaSeSS)ssj0000785839 
035 |a (OCoLC)608384875  |z (OCoLC)1340102317  |z (OCoLC)1477466876 
042 |a dlr 
050 4 |a QP477.5 
060 4 |a WW 400  |b E98 1983 
082 0 4 |a 428.4  |2 19 
082 0 4 |a 152.1/4  |2 19 
084 |a 17.34  |2 bcl 
084 |a CP 2500  |2 rvk 
084 |a ER 985  |2 rvk 
084 |a 372.4 
049 |a TXAM 
245 0 0 |a Eye movements in reading :  |b perceptual and language processes /  |c edited by Keith Rayner. 
260 |a New York :  |b Academic Press,  |c ©1983. 
300 |a 1 online resource (xxi, 526 pages) :  |b illustrations 
336 |a text  |b txt  |2 rdacontent 
337 |a computer  |b c  |2 rdamedia 
338 |a online resource  |b cr  |2 rdacarrier 
347 |a text file  |2 rdaft  |0 http://rdaregistry.info/termList/fileType/1002. 
490 1 |a Perspectives in neurolinguistics, neuropsychology, and psycholinguistics 
504 |a Includes bibliographical references and index. 
588 0 |a Print version record. 
538 |a Master and use copy. Digital master created according to Benchmark for Faithful Digital Reproductions of Monographs and Serials, Version 1. Digital Library Federation, December 2002.  |u http://purl.oclc.org/DLF/benchrepro0212  |5 MiAaHDL 
583 1 |a digitized  |c 2024.  |h HathiTrust Digital Library  |l committed to preserve  |2 pda  |5 MiAaHDL 
650 0 |a Eye  |x Movements  |v Congresses. 
650 0 |a Reading  |x Physiological aspects  |v Congresses. 
650 0 |a Visual perception  |v Congresses. 
650 0 |a Eye  |x Movements. 
650 0 |a Language and languages. 
650 0 |a Reading. 
650 0 |a Eye  |x Movements  |x Congresses. 
650 0 |a Reading  |x Physiological aspects  |x Congresses. 
650 0 |a Visual perception. 
650 2 |a Dyslexia  |x physiopathology 
650 2 |a Eye Movements 
650 2 |a Language 
650 2 |a Reading 
650 2 |a Visual Perception  |x physiology 
650 2 |a Visual Perception 
650 6 |a Œil  |x Mouvements  |x Congrès. 
650 6 |a Lecture  |x Aspect physiologique  |x Congrès. 
650 6 |a Perception visuelle  |v Congrès. 
650 6 |a Œil  |x Mouvements  |v Congrès. 
650 6 |a Lecture  |x Aspect physiologique  |v Congrès. 
650 6 |a Œil  |x Mouvements. 
650 6 |a Langage et langues. 
650 6 |a Lecture. 
650 6 |a Perception visuelle. 
650 7 |a visual perception.  |2 aat 
650 7 |a Reading  |2 fast 
650 7 |a Language and languages  |2 fast 
650 7 |a Eye  |x Movements  |2 fast 
650 7 |a Reading  |x Physiological aspects  |2 fast 
650 7 |a Visual perception  |2 fast 
650 7 |a Augenbewegung  |2 gnd 
651 7 |a Leesen  |2 gnd 
650 7 |a Visuelle Wahrnehmung  |2 gnd 
650 7 |a Kongress  |2 gnd 
650 7 |a Lesen  |2 gnd 
650 1 7 |a Oogbewegingen.  |2 gtt 
650 1 7 |a Lezen.  |2 gtt 
650 7 |a Eye  |x Movements  |v Congresses.  |2 nli 
650 7 |a Reading  |x Physiological aspects  |v Congresses.  |2 nli 
650 7 |a Visual perception  |v Congresses.  |2 nli 
650 7 |a Oeil  |x Mouvements  |x Congrès.  |2 ram 
650 7 |a Perception visuelle  |x Congrès.  |2 ram 
650 7 |a Lecture  |x Aspect physiologique  |x Congrès.  |2 ram 
653 |a Reading  |a Role of eye movements 
655 7 |a Electronic books.  |2 local 
655 2 |a Congress 
655 7 |a proceedings (reports)  |2 aat 
655 7 |a Conference papers and proceedings  |2 fast 
655 7 |a Conference papers and proceedings.  |2 lcgft 
655 7 |a Actes de congrès.  |2 rvmgf 
700 1 |a Rayner, Keith. 
710 2 |a ScienceDirect (Online service) 
710 2 |a Alfred P. Sloan Foundation.  |1 https://id.oclc.org/worldcat/entity/E39QH7JmpWYqfrj3F8K8DhXP6g 
758 |i has work:  |a Eye Movements in Reading (Text)  |1 https://id.oclc.org/worldcat/entity/E39PCXfVwb86HHm9cFwywdHFqP  |4 https://id.oclc.org/worldcat/ontology/hasWork 
776 0 8 |i Print version:  |t Eye movements in reading.  |d New York : Academic Press, ©1983  |w (DLC) 82011565  |w (OCoLC)8628041 
830 0 |a Perspectives in neurolinguistics, neuropsychology, and psycholinguistics. 
856 4 0 |u http://proxy.library.tamu.edu/login?url=https://www.sciencedirect.com/science/book/9780125836807  |z Connect to the full text of this electronic book  |t 0 
955 |a Elsevier ScienceDirect 2026-2027 
994 |a 92  |b TXA 
999 f f |i 0f65c5e5-f63e-4cc5-90b4-7a97a34b9284  |s 2e6e7b54-7f57-4432-863e-c1181f5b98fe  |t 0 
952 f f |a Texas A&M University  |b College Station  |c Electronic Resources  |s www_evans  |d Available Online  |t 0  |e QP477.5   |h Library of Congress classification 
998 f f |a QP477.5   |t 0  |l Available Online